| 000 | 00505nam a2200181 4500 | ||
|---|---|---|---|
| 003 | SEACOMMC | ||
| 005 | 20250426133909.0 | ||
| 008 | 250426b |||||||| |||| 00| 0 eng d | ||
| 020 |
_a978-0-33368-399-6 _cRs.595.00 |
||
| 040 | _aSEACOMMC | ||
| 082 |
_a 302.2 _bW 339 |
||
| 100 | _a Watson, James | ||
| 245 | 1 |
_aMedia Communication : An Introduction to Theory and Process _cJames Watson |
|
| 250 | _a2nd ed. | ||
| 260 |
_a New York _b Palgrave _c 2003 |
||
| 650 | _aCommunication -- Media | ||
| 942 | _cBOOK | ||
| 999 |
_c1208 _d1208 |
||